000 00708nam a2200289Ia 4500
005 20260324122118.0
008 008 260324s9999 xx 000 0 eng d
020 _a9781315579542
037 _aEBOOK
040 _aCRL
040 _beng
040 _cCRL
041 _2eng
041 _aeng
084 _qCRL
100 _aSteven Fawkes
_91165162
245 0 _aEnergy Efficiency
245 4 _bThe Definitive Guide to the Cheapest, Cleanest, Fastest Source of Energy
260 _bTaylor and Francis
260 _c2013
365 _a
365 _b230
856 _uhttp://www.taylorfrancis.com/books/9781315579542
942 _cEBOOK
999 _c1757671
_d1757671